[Event "TCh-NED"]
[Site "Netherlands NED"]
[Date "2011.02.12"]
[Round "6.6"]
[White "Witt,Rob"]
[Black "Bosch,Je"]
[Result "1/2-1/2"]
[WhiteElo "2242"]
[BlackElo "2430"]

1.d4 Nf6 2.c4 d6 3.Nf3 Nbd7 4.Nc3 g6 5.e4 e5 6.Be2 Bg7 7.O-O O-O 8.Be3 Re8
9.d5 Nh5 10.g3 Bf8 11.Ne1 Ng7 12.Nd3 f5 13.f3 Be7 14.Qd2 Nf6 15.Rac1 fxe4
16.fxe4 Bh3 17.Rfe1 Ng4 18.Bxg4 Bxg4 19.Nf2 Bd7 20.Bh6 Rf8 21.Kg2 Rf7 22.Nh3 Qc8
23.Ng1 Nh5 24.Rf1 Nf6 25.h3 Bf8 26.Bg5 Bg7 27.Rf3 Qf8 28.Rcf1 h6 29.Be3 Kh7
30.g4 Be8 31.Qf2 Kg8 32.Nge2 a6 33.b4 Nh7 34.Rxf7 Bxf7 35.Qh4 Qd8 36.Qe1 Nf8
37.Qf2 Qe7 38.Ng3  1/2-1/2

[Event "TCh-FIN 2010-11"]
[Site "Tampere FIN"]
[Date "2011.02.12"]
[Round "6.6"]
[White "Mertanen,J"]
[Black "Paakkonen,T"]
[Result "1/2-1/2"]
[WhiteElo "2280"]
[BlackElo "2290"]

1.d4 Nf6 2.c4 g6 3.Nc3 Bg7 4.e4 O-O 5.Nf3 d6 6.Be2 e5 7.Be3 Ng4 8.Bg5 f6
9.Bh4 Nc6 10.d5 Ne7 11.Nd2 h5 12.O-O Nh6 13.h3 g5 14.Bg3 g4 15.hxg4 hxg4
16.c5 f5 17.cxd6 cxd6 18.exf5 Nexf5 19.Nde4 a6 20.Re1 Nxg3 21.Nxg3 Rxf2 22.Kxf2 Qb6+
23.Kf1 Bd7 24.Bf3 Rf8 25.Ke2 gxf3+ 26.gxf3 Rxf3 27.Kxf3 Bg4+ 28.Kg2 Bxd1
29.Nxd1 Qb4 30.Re2 Ng4 31.Ne4 Qc4 32.Ndc3 Qd3 33.Rae1 Bh6 34.Nf2 Qg6 35.Nxg4 Qxg4+
36.Kf1 Qc4 37.Kg1 Bf4 38.Rg2+ Kf8 39.Rf2 Kg7 40.Rg2+ Kf8 41.Rf2 Kg7 42.Rg2+ Kf7
43.Rf2 Kg7  1/2-1/2

[Event "IV Open A"]
[Site "Gora Swietej Anny POL"]
[Date "2011.02.13"]
[Round "3.6"]
[White "Szuper,P"]
[Black "Suliborski,J"]
[Result "1-0"]
[WhiteElo "2174"]
[BlackElo "1900"]

1.d4 Nf6 2.c4 g6 3.Nc3 Bg7 4.e4 d6 5.Nf3 O-O 6.Be2 e5 7.Be3 Ng4 8.Bg5 f6
9.Bh4 g5 10.Bg3 Nh6 11.dxe5 dxe5 12.Qd5+ Qxd5 13.Nxd5 Na6 14.h4 g4 15.Nd2 Be6
16.O-O-O c6 17.Ne3 Rf7 18.f3 gxf3 19.gxf3 f5 20.Bf2 f4 21.Nc2 b6 22.c5 b5
23.a4 Nc7 24.Nb4 Bd7 25.axb5 cxb5 26.Nb1 Bf8 27.Rhg1+ Kh8 28.Rg5 Re8 29.Nc3 a5
30.Nbd5 Ne6 31.Rxe5 b4 32.Nb5 Nxc5 33.Rxe8 Bxe8 34.Bd4+ Kg8 35.Rg1+  1-0

[Event "ch-ROU Men"]
[Site "Sarata Monteoru ROU"]
[Date "2011.02.15"]
[Round "5.18"]
[White "Stegariu,A"]
[Black "Stanciu,Al"]
[Result "0-1"]
[WhiteElo "2053"]
[BlackElo "2297"]

1.d4 Nf6 2.c4 g6 3.Nc3 Bg7 4.e4 d6 5.Nf3 O-O 6.Be2 e5 7.O-O Nbd7 8.Re1 Re8
9.Bf1 a6 10.Rb1 exd4 11.Nxd4 c6 12.b4 Ng4 13.h3 Nge5 14.Be3 c5 15.bxc5 dxc5
16.Nb3 Nxc4 17.Bxc4 Bxc3 18.Qd5 Qe7 19.Rec1 Bb4 20.Bg5 Qf8 21.Qd3 Ne5 22.Qg3 Nxc4
23.Rxc4 b5 24.Rxb4 cxb4 25.e5 Be6 26.Nd2 f5 27.exf6 Bxa2 28.Rc1 Rac8 29.Rxc8 Re1+
30.Kh2 Qxc8 31.Nf3 Re4 32.Qd6 Bf7 33.Ne5 b3 34.Nc6 b2  0-1

[Event "ch-POL"]
[Site "Warsaw POL"]
[Date "2011.02.15"]
[Round "4"]
[White "Gajewski,G"]
[Black "Kempinski,R"]
[Result "1/2-1/2"]
[WhiteElo "2569"]
[BlackElo "2600"]

1.d4 Nf6 2.c4 g6 3.Nc3 Bg7 4.e4 O-O 5.Nf3 d6 6.Be2 e5 7.O-O exd4 8.Nxd4 Nc6
9.Be3 Re8 10.f3 Nh5 11.Qd2 Nxd4 12.Bxd4 Nf4 13.Rfd1 Qg5 14.Bf1 Bxd4+ 15.Qxd4 Ne6
16.Qf2 Bd7 17.c5 Qxc5 18.Qxc5 Nxc5 19.Nd5 Red8 20.Nxc7 Rac8 21.Nd5 Kf8 22.Rd2 Be6
23.Rad1 Bxd5 24.Rxd5 Ke7 25.Rc1 Ne6 26.Rdd1 Rxc1 27.Rxc1 d5 28.exd5 Rxd5
29.Rc2 g5 30.Kf2 f5 31.Bc4 Rc5 32.Ke3 Kf6 33.g3 b5 34.Bd3 f4+ 35.gxf4 gxf4+
36.Kd2 Rd5 37.Rc6 Ke5 38.b4 Nd4 39.Rc7 Nxf3+  1/2-1/2

[Event "G-TEAM Open"]
[Site "Novy Bor CZE"]
[Date "2011.02.16"]
[Round "6"]
[White "Vyprachticky,D"]
[Black "Wojtczak,M"]
[Result "1/2-1/2"]
[WhiteElo "1980"]
[BlackElo "2230"]

1.d4 Nf6 2.c4 g6 3.Nc3 Bg7 4.e4 O-O 5.Nf3 d6 6.Be2 Nbd7 7.O-O e5 8.d5 Nc5
9.Qc2 a5 10.Be3 Nfd7 11.Nd2 f5 12.f3 b6 13.b3 Nf6 14.a3 Nh5 15.b4 Nd7 16.Rfe1 Nf4
17.Bf1 Nf6 18.c5 fxe4 19.fxe4 axb4 20.axb4 Rxa1 21.Rxa1 bxc5 22.bxc5 Ng4
23.Bxf4 exf4 24.Nf3 g5 25.Ra4 Ne3 26.Qc1 dxc5 27.Nb5 g4 28.Nd2 Be5 29.Nc4 Nxc4
30.Qxc4 Kh8 31.Qxc5 f3 32.g3 Qf6 33.Qf2 Bd7 34.Kh1 Rb8 35.Rb4 Kg7 36.Bd3 Ra8
37.Rb1 Bxb5 38.Bxb5 Ra1 39.Rxa1 Bxa1 40.Bf1 Bd4 41.Qc2 Qb6 42.Qc1 Bf6 43.e5 Be7
44.Qd2 Qb1 45.Qd3 Qe1 46.d6 cxd6 47.exd6 Bxd6 48.Qd4+ Kf7 49.Qd5+ Ke7 50.Qg5+ Kf8  1/2-1/2

[Event "G-TEAM Open"]
[Site "Novy Bor CZE"]
[Date "2011.02.16"]
[Round "6"]
[White "Bartos,J"]
[Black "Jiruse,J"]
[Result "1/2-1/2"]
[WhiteElo "2203"]
[BlackElo "2068"]

1.d4 Nf6 2.Nf3 g6 3.c4 Bg7 4.Nc3 d6 5.e4 O-O 6.Be2 e5 7.dxe5 dxe5 8.Qxd8 Rxd8
9.Bg5 c6 10.Nxe5 Re8 11.O-O-O Nxe4 12.Nxe4 Bxe5 13.Rhe1 Na6 14.Nf6+ Bxf6
15.Bxf6 Nc5 16.Bd4 Ne6 17.Bf3 Bd7 18.Bc3 Nf8 19.Rxe8 Rxe8 20.Re1 Rxe1+ 21.Bxe1 Be6
22.b3 Nd7 23.Bc3 Kf8 24.Bb4+ Ke8 25.Bd6 Nb6 26.Kc2 Kd7 27.Bb8 Nc8 28.Kc3 f6
29.Kd4 a6 30.b4 b5 31.cxb5 axb5 32.Kc5 Ne7 33.Bd6 Nd5 34.a3 h5 35.g3 Bf7
36.Be4 f5 37.Bg2 Bg8 38.h3 Be6 39.Bf3 Bf7 40.g4 hxg4 41.hxg4 Be6 42.gxf5 gxf5
43.Bg2 Bf7 44.f4 Be6 45.a4 Nxb4 46.Kxb4 Kxd6 47.axb5  1/2-1/2

[Event "World Blitz Qualifier"]
[Site "Moscow RUS"]
[Date "2011.02.17"]
[Round "5.1"]
[White "Cheparinov,I"]
[Black "Mamedov,Rau"]
[Result "1/2-1/2"]
[WhiteElo "2665"]
[BlackElo "2660"]

1.d4 d6 2.Nf3 g6 3.c4 Bg7 4.Nc3 Nf6 5.e4 O-O 6.Be2 e5 7.Be3 exd4 8.Nxd4 Re8
9.f3 Nc6 10.O-O Nh5 11.Qd2 Nf4 12.Rad1 Bxd4 13.Bxd4 Nxd4 14.Qxd4 Nxe2+ 15.Nxe2 b6
16.Nf4 Bb7 17.Rf2 Qe7 18.Rfd2 Qg5 19.Nd5 Bxd5 20.Qxd5 Qf6 21.b3 a5 22.Qc6 Rac8
23.Qd5 h5 24.Qd4 Qf4 25.Rd3 Re7 26.Qe3 Qf6 27.Rd5 Rce8 28.Qd4 Qf4 29.Qd2 Qf6
30.Qd4 Qf4 31.Qd2 Qf6  1/2-1/2

[Event "ch-ROU Men"]
[Site "Sarata Monteoru ROU"]
[Date "2011.02.18"]
[Round "9.23"]
[White "Dragomirescu,C"]
[Black "Moldovan,G"]
[Result "1-0"]
[WhiteElo "2233"]
[BlackElo "2056"]

1.d4 Nf6 2.Nf3 g6 3.c4 Bg7 4.Nc3 d6 5.e4 O-O 6.Be2 Nbd7 7.O-O e5 8.Be3 Ng4
9.Bg5 f6 10.Bh4 Nh6 11.d5 g5 12.Bg3 f5 13.exf5 Nxf5 14.Ne4 h6 15.Nfd2 Nd4
16.Bd3 Nf6 17.Nxf6+ Rxf6 18.Ne4 Rf7 19.Rc1 Bf5 20.c5 g4 21.Qd2 Kh7 22.cxd6 cxd6
23.Rc4 Bf8 24.Rfc1 Kg6 25.Qc3 Kg7 26.Kf1 h5 27.Rc7 Be7 28.Qb4 b5 29.Bb1 h4
30.Bxh4 Bxe4 31.Rxe7 Rxe7 32.Bxe4 Rc7 33.Rxc7+ Qxc7 34.Qd2 Rg8 35.Qg5+ Kf8
36.Qf6+ Ke8 37.Bg6+ Rxg6 38.Qxg6+ Kf8 39.Qf6+ Kg8 40.Qd8+ Qxd8 41.Bxd8 Kf7
42.Ke1 Nc2+ 43.Ke2 Nb4 44.f3 gxf3+ 45.Kxf3 Nxd5 46.h4 Nb4 47.g4 d5 48.g5 Nxa2
49.h5 Nc1 50.Kg4 e4 51.g6+ Ke6 52.h6 e3 53.h7  1-0

[Event "ch-St Petersburg S/F 2011"]
[Site "St Petersburg RUS"]
[Date "2011.02.18"]
[Round "8.7"]
[White "Smirnov,Arte"]
[Black "Levin,Ev"]
[Result "1/2-1/2"]
[WhiteElo "2428"]
[BlackElo "2481"]

1.d4 Nf6 2.c4 g6 3.Nc3 Bg7 4.e4 d6 5.Nf3 O-O 6.Be2 Nbd7 7.O-O e5 8.Be3 Re8
9.Qc2 Ng4 10.Bg5 Bf6 11.Bxf6 Ngxf6 12.Rad1 c6 13.dxe5 dxe5 14.Rd6 Qe7 15.Rfd1 Nf8
16.h3 Ne6 17.Nxe5 Nf4 18.Ng4 Nxe2+ 19.Qxe2 Bxg4 20.hxg4 Nxe4 21.Nxe4 Qxe4
22.Qxe4 Rxe4 23.Rd7 b6 24.b3 Re2 25.Rc7 Rxa2 26.Rdd7 Rf8 27.Rxa7 Rxa7 28.Rxa7 Rb8
29.Rc7 c5 30.f3 Re8 31.Rc6 Re6 32.Rxe6 fxe6 33.g5 Kf7 34.Kf2 e5 35.Ke3 Ke7
36.Kd3 Ke6 37.Ke4 Kd6 38.Kd3 Ke6  1/2-1/2

[Event "TCh-CAT Div Hon"]
[Site "Barcelona ESP"]
[Date "2011.02.19"]
[Round "4"]
[White "Cruz,Jon"]
[Black "Rosich Valles,A"]
[Result "0-1"]
[WhiteElo "2402"]
[BlackElo "2366"]

1.d4 Nf6 2.Nf3 g6 3.c4 Bg7 4.Nc3 O-O 5.e4 d6 6.Be2 Nbd7 7.O-O e5 8.Be3 c6
9.d5 c5 10.Ne1 Ne8 11.Nd3 Qe7 12.Qd2 f5 13.exf5 gxf5 14.f4 e4 15.Nf2 Ndf6
16.Rab1 Bd7 17.b4 b6 18.a4 Rf7 19.Rb3 Qd8 20.Ra1 a5 21.bxc5 bxc5 22.Rab1 Nc7
23.Nb5 Be8 24.Kh1 Na6 25.Rg1 Nb4 26.Nh3 h6 27.Nf2 h5 28.Nh3 Bh6 29.Ng5 Bxg5
30.fxg5 Ng4 31.h3 Nxe3 32.Qxe3 Bxb5 33.axb5 f4 34.Qxe4 Qxg5 35.Qe6 a4 36.Rc3 a3
37.b6 Kg7 38.Qxd6 a2 39.Ra1 Re8 40.Bf3 Rfe7 41.Rcc1 Qg3 42.Qxc5 Re1+ 43.Qg1 Rxg1+
44.Kxg1 Nd3 45.Rf1 Re1 46.Rfxe1 Nxe1 47.b7 Nxf3+ 48.Kf1 Nd2+ 49.Ke2 Nxc4
50.Rxa2 Qxg2+  0-1

[Event "6th Volodymyr Bilinsky Memorial"]
[Site "Lviv UKR"]
[Date "2011.02.19"]
[Round "5.2"]
[White "Buturin,V"]
[Black "Davymuka,Roman"]
[Result "1/2-1/2"]
[WhiteElo "2311"]
[BlackElo "2138"]

1.e4 g6 2.d4 Bg7 3.c4 d6 4.Nc3 Nf6 5.Be2 O-O 6.Nf3 Nbd7 7.O-O e5 8.Re1 a5
9.Bf1 c6 10.dxe5 dxe5 11.Na4 Qe7 12.b3 Nh5 13.g3 Rd8 14.Qc2 Nf8 15.Nb6 Rb8
16.Nxc8 Rbxc8 17.c5 Ne6 18.Be3 Nd4 19.Bxd4 exd4 20.Rac1 Bh6 21.Rcd1 Bf8 22.Rc1 Bh6  1/2-1/2

[Event "ch-FRA Blitz 2011"]
[Site "Nice FRA"]
[Date "2011.02.20"]
[Round "11"]
[White "Feller,S"]
[Black "Maze,S"]
[Result "0-1"]
[WhiteElo "2657"]
[BlackElo "2571"]

1.d4 Nf6 2.c4 g6 3.Nc3 Bg7 4.e4 d6 5.Nf3 O-O 6.Be2 Na6 7.O-O e5 8.Be3 c6
9.d5 Ng4 10.Bg5 f6 11.Bh4 c5 12.Ne1 h5 13.Nd3 Nh6 14.f3 Nf7 15.a3 Bh6 16.Bf2 f5
17.exf5 gxf5 18.b4 b6 19.bxc5 Nxc5 20.Nxc5 bxc5 21.Rb1 Kh8 22.Kh1 Rg8 23.Qe1 Qg5
24.Rg1 Qf6 25.Nb5 Bd7 26.Nc7 Rab8 27.Qa5 e4 28.fxe4 Rxb1 29.Rxb1 fxe4 30.Qe1 Ne5
31.Bg3 e3 32.Qf1 Bf5 33.Ne6 Qg6 34.Rb7 Be4 35.Bxe5+ dxe5 36.Bf3 Bd3 37.Be2 Bf5
38.Re7 h4 39.h3 Bf4 40.Nxf4 exf4 41.Bf3 Qf6 42.Rc7 Qd4 43.Qe1 Rg3 44.Rf7 Be4
45.Rxf4 Qd2 46.Qf1 Qc1  0-1

[Event "ch-ROU Men"]
[Site "Sarata Monteoru ROU"]
[Date "2011.02.20"]
[Round "11.36"]
[White "Stegariu,A"]
[Black "Morea,G"]
[Result "1-0"]
[WhiteElo "2053"]
[BlackElo "1900"]

1.d4 Nf6 2.c4 g6 3.Nc3 Bg7 4.e4 d6 5.Nf3 O-O 6.Be2 Nbd7 7.O-O e5 8.Re1 a6
9.Bf1 Qe8 10.Rb1 Nh5 11.dxe5 Nxe5 12.Nd4 Qd8 13.g3 c6 14.Be2 Qf6 15.Be3 Be6
16.b3 c5 17.Nxe6 fxe6 18.Rc1 Nf3+ 19.Bxf3 Qxf3 20.Qxf3 Rxf3 21.Red1 Be5 22.Kg2 Raf8
23.Ne2 Kg7 24.Ng1 Rxe3 25.fxe3 Nf6 26.Nf3 Ng4 27.Re1 Bb2 28.Rc2 Ne5 29.Nxe5 Bxe5
30.Rf1 Bf6 31.Rd2 Be5 32.Rxf8 Kxf8 33.a3 Ke7 34.Kf3 h6 35.Ke2 a5 36.Kd3 Bf6
37.Rf2 Be5 38.Kc2 Bf6 39.Rf1 Bg5 40.Kd3 Bf6 41.Rb1 Kd7 42.b4 axb4 43.axb4 cxb4
44.Rxb4 Kc6 45.Rb1 h5 46.Rf1 Be5 47.Rf7 h4 48.gxh4 Bxh2 49.Rg7  1-0

[Event "61st ch-RUS w 1st League"]
[Site "Ivanovo RUS"]
[Date "2011.02.21"]
[Round "1"]
[White "Petrukhina,I"]
[Black "Dordzhieva,D"]
[Result "1-0"]
[WhiteElo "2190"]
[BlackElo "1929"]

1.d4 Nf6 2.c4 g6 3.Nc3 Bg7 4.e4 d6 5.Nf3 O-O 6.Be2 Nbd7 7.O-O e5 8.Be3 exd4
9.Nxd4 Re8 10.f3 a5 11.Qd2 Nc5 12.Rad1 Qe7 13.Ndb5 b6 14.Bg5 Bb7 15.Nd5 Bxd5
16.cxd5 Qd7 17.Nc3 Qe7 18.Bb5 Rec8 19.Bc6 Rab8 20.a3 Qf8 21.b4 axb4 22.axb4 Ncd7
23.f4 h6 24.Bh4 Qe7 25.Rfe1 Rd8 26.Nb5 Rdc8 27.Na7 Rd8 28.Bxd7 Qxd7 29.Nc6 Re8
30.Nxb8 Rxb8 31.e5 dxe5 32.fxe5 Ng4 33.e6 fxe6 34.Rxe6 g5 35.Bxg5 hxg5 36.Qxg5 Nf2
37.Re7 Qxe7 38.Qxe7 Nxd1 39.Qxc7 Rf8 40.Qxb6 Nc3 41.Qe6+ Kh7 42.h4 Rf4 43.g3 Rf6
44.Qe3 Rg6 45.Qd3 Kh6 46.Kh2 Rd6 47.g4 Be5+ 48.Kh3 Rxd5 49.g5+ Kg7 50.Qa6 Rd6
51.Qa7+ Kg6 52.Qe3 Bg7 53.Qe8+ Kh7 54.Qh5+ Kg8 55.Qe8+ Kh7 56.Kg4 Nd5 57.h5 Ra6
58.Qe4+  1-0

[Event "61st ch-RUS w 1st League"]
[Site "Ivanovo RUS"]
[Date "2011.02.23"]
[Round "3"]
[White "Petrukhina,I"]
[Black "Mukhametgaleeva,R"]
[Result "0-1"]
[WhiteElo "2190"]
[BlackElo "1983"]

1.d4 Nf6 2.c4 g6 3.Nc3 Bg7 4.e4 d6 5.Nf3 O-O 6.Be2 e5 7.Be3 Ng4 8.Bg5 f6
9.Bh4 g5 10.Bg3 Nh6 11.h3 Nc6 12.d5 Ne7 13.Qd2 Ng6 14.O-O-O Nf7 15.Qc2 c5
16.dxc6 bxc6 17.Nd2 Qe7 18.c5 Nf4 19.Bxf4 exf4 20.cxd6 Nxd6 21.Nc4 Nxc4 22.Bxc4+ Kh8
23.Rhe1 Qe5 24.Qd3 Qc5 25.Qd4 Qxd4 26.Rxd4 f5 27.e5 Re8 28.Bf7 Bxe5 29.Bxe8 Bxd4
30.Bxc6 Rb8 31.Re8+ Kg7 32.Bd7 Bxd7 33.Rxb8 Bc6 34.f3 g4 35.hxg4 fxg4 36.Ne4 Bxe4
37.Rb3 Bc6 38.Kd2 Be3+ 39.Ke2 g3 40.Rb8 a6 41.Rb4 Bb5+ 42.Ke1 h5 43.a4 Bd3
44.b3 h4 45.Rb7+ Kf6  0-1

[Event "61st ch-RUS w 1st League"]
[Site "Ivanovo RUS"]
[Date "2011.02.23"]
[Round "3"]
[White "Baraeva,I"]
[Black "Khobotova,O"]
[Result "1-0"]
[WhiteElo "2201"]
[BlackElo "1991"]

1.d4 Nf6 2.c4 g6 3.Nc3 Bg7 4.e4 d6 5.Be2 O-O 6.Nf3 e5 7.Be3 exd4 8.Nxd4 Re8
9.f3 c6 10.Nc2 d5 11.cxd5 cxd5 12.exd5 Bf5 13.Kf2 Nxd5 14.Qxd5 Bxc2 15.Bc4 Nd7
16.Qxf7+ Kh8 17.Bb5 Re7 18.Qd5 a6 19.Rac1 Bf5 20.Ba4 b5 21.Bc2 Be6 22.Qd2 Qe8
23.Be4 Rd8 24.Rhd1 Qf7 25.Qd6 Rde8 26.Kg1 Ne5 27.Qxa6 Nc4 28.Bc5 Nxb2 29.Re1 Rc7
30.Qxb5 Rec8 31.Bb4 Bc4 32.Qg5 Be6 33.Ne2 Bxa2 34.Rxc7 Qxc7 35.Qd2 Bg8 36.Kh1 Nc4
37.Qg5 Qb6 38.Bc3 Qf2 39.Ra1 Qxe2 40.Bxg7+ Kxg7 41.Qe7+ Bf7 42.Qd7 Rc5 43.Qd4+ Re5
44.h3 Qb2 45.Qxb2 Nxb2 46.Ra7 Kf6 47.Kh2 Re7 48.Ra6+ Ke5 49.Kg3 Nc4 50.h4 Nd6
51.Bd3 Nf5+ 52.Kh3 Rd7 53.Be4 Nd6 54.Bd3 Be6+ 55.Kh2 Nf5 56.Bxf5 Bxf5 57.g4 Bd3
58.Ra8 Kf4 59.Rf8+ Ke3 60.Kg3 Re7 61.Rf6 Bc4 62.Rf8 Bd5 63.f4 Ra7 64.f5 gxf5
65.Rxf5 Be4 66.Rf1 Ke2 67.Rf6 Ke3 68.Rf1 Ra3 69.Rf6 Ra1 70.h5 Rh1 71.Rf7 Kd4
72.Re7 Ke3 73.Rf7 Bd3 74.Re7+ Kd4 75.Kf4 Rf1+ 76.Kg3 Be4 77.g5 Rf5 78.Kg4 Re5
79.Ra7 Ke3 80.Ra3+ Kd4 81.Ra4+ Kd5 82.Ra5+ Ke6 83.Ra6+ Kd5 84.Ra5+ Kd6 85.Ra7 Bf5+
86.Kf4 Bd7 87.Ra6+ Ke7 88.Kxe5 Be8 89.Ra7+ Kf8 90.Rxh7 Kg8 91.g6 Bb5 92.Kf6 Be8
93.Rb7 Kf8 94.Rb8  1-0

[Event "Elitzur Winter GM"]
[Site "Petach Tikva ISR"]
[Date "2011.02.23"]
[Round "1"]
[White "Deutsch,E"]
[Black "Gruenfeld,Y"]
[Result "1/2-1/2"]
[WhiteElo "2352"]
[BlackElo "2472"]

1.d4 Nf6 2.c4 g6 3.Nc3 Bg7 4.Nf3 O-O 5.e4 d6 6.Be2 Na6 7.O-O e5 8.d5 Nc5
9.Qc2 a5 10.Ne1 c6 11.Be3 cxd5 12.cxd5 Ne8 13.Nd3 b6 14.a3 f5 15.f3 Nf6 16.Nf2 f4
17.Bd2 a4 18.Bc4 Bd7 19.Nd3 Qb8 20.Nb4 b5 21.Ba2 Kh8 22.Be1 Rc8 23.Qe2 Na6
24.Nxa6 Rxa6 25.Bb1 Rb6 26.Na2 Ne8 27.Nb4 Bf6 28.Bf2 Rb7 29.Bd3 Bd8 30.Rac1 Rxc1
31.Rxc1 Bb6 32.Bxb6 Rxb6 33.Kh1 Kg7 34.g3 fxg3 35.hxg3 Qd8 36.Qe3 Rb7 37.Kg2 Qb6
38.Kf2 h5 39.Qxb6 Rxb6 40.Ke3 Rb7 41.Be2 Nf6 42.f4 exf4+ 43.gxf4 Bg4 44.Bd3 Re7
45.Kd4 g5 46.e5 Ne8 47.Nc6 Rf7 48.fxg5 Rf4+ 49.Ke3 Rf3+ 50.Kd4 Rf4+ 51.Ke3 Rf3+  1/2-1/2

[Event "Osijek Open"]
[Site "Osijek CRO"]
[Date "2011.02.24"]
[Round "2.12"]
[White "Buric,P"]
[Black "Vlaicevic,M"]
[Result "1/2-1/2"]
[WhiteElo "2121"]
[BlackElo "2022"]

1.d4 Nf6 2.c4 g6 3.Nc3 Bg7 4.e4 d6 5.Nf3 O-O 6.Be2 e5 7.O-O Nbd7 8.Re1 c6
9.Bf1 Qe7 10.d5 c5 11.Bg5 h6 12.Bxf6 Nxf6 13.h3 Nh7 14.a3 f5 15.Bd3 f4 16.b4 b6
17.Qe2 g5 18.Nh2 Nf6 19.f3 h5 20.Reb1 Rf7 21.Qd1 Bf8 22.Be2 Rg7 23.a4 cxb4
24.Rxb4 Qc7 25.Kf1 Bd7 26.Rab1 Qc8 27.Ke1 Qc5 28.Kd2 Qf2 29.Qg1 Qxg1 30.Rxg1 g4
31.hxg4 hxg4 32.Ra1 g3 33.Nf1 Bh3 34.gxh3 g2 35.Ng3 fxg3 36.Rg1 Nh5 37.Bd3 Nf4
38.Ne2 Be7 39.Nxf4 exf4 40.Rxg2 Bf6 41.Bf1 Bd4 42.Re2 Kh7 43.Bg2 Rd8 44.Kd3 Bc5
45.Rb1 Kg6 46.Ra2 Kf6 47.a5 Rh8 48.axb6 axb6 49.Rba1 Rgh7 50.Ra8 Rxa8 51.Rxa8 Rg7
52.Rf8+ Rf7 53.e5+ dxe5 54.Rxf7+ Kxf7 55.Ke4 Kf6 56.h4 Bd6 57.h5 Bf8 58.Bh3 Bd6
59.h6 Kg6 60.Bg2 Kxh6 61.Kf5 Bc7 62.Bh1 Kh5 63.Bg2 Kh6  1/2-1/2

[Event "Bunratty Masters"]
[Site "Bunratty IRL"]
[Date "2011.02.25"]
[Round "1"]
[White "Pein,M"]
[Black "Murray,D"]
[Result "1-0"]
[WhiteElo "2390"]
[BlackElo "2039"]

1.Nf3 Nf6 2.c4 g6 3.Nc3 Bg7 4.e4 d6 5.d4 O-O 6.Be2 e5 7.O-O exd4 8.Nxd4 Re8
9.f3 c6 10.Nc2 Be6 11.Be3 d5 12.cxd5 cxd5 13.e5 Nfd7 14.f4 f6 15.Nd4 Nb6
16.Nxe6 Rxe6 17.Bf3 fxe5 18.Nxd5 e4 19.Nxb6 Qxd1 20.Bxd1 Rxb6 21.Bxb6 axb6
22.Bb3+ Kf8 23.Rad1 Nc6 24.Rfe1 Bd4+ 25.Kf1 e3 26.Bd5 Bc5 27.Bxc6 bxc6 28.a3 b5
29.Rc1 Bd4 30.Rxc6 Bxb2 31.Rxe3 Bxa3 32.Rc7 Bd6 33.Rxh7 Bxf4 34.Rh8+ Kf7
35.Rxa8 Bxe3 36.Rb8 Bf4 37.Rb7+ Kf6 38.h3 Kf5 39.Ke2 Ke4 40.Rxb5 g5 41.Rb4+ Kf5
42.Kf3 Bd2 43.Rb5+ Kg6 44.Kg4 Be3 45.Rd5 Bc1 46.Rd6+ Kg7 47.Kf5  1-0

[Event "61st ch-RUS w 1st League"]
[Site "Ivanovo RUS"]
[Date "2011.02.25"]
[Round "5"]
[White "Mirzoeva,E"]
[Black "Yarullina,A"]
[Result "1/2-1/2"]
[WhiteElo "2216"]
[BlackElo "2047"]

1.d4 Nf6 2.Nf3 d6 3.c4 g6 4.Nc3 Bg7 5.e4 O-O 6.Be2 e5 7.Be3 exd4 8.Nxd4 Re8
9.f3 Nc6 10.O-O Nh5 11.f4 f5 12.Bxh5 gxh5 13.Nxc6 bxc6 14.Bd4 fxe4 15.f5 Bf6
16.Bxf6 Qxf6 17.Qxh5 Ba6 18.Rf4 d5 19.cxd5 cxd5 20.Rd1 c6 21.g4 Qe5 22.Qh6 Kh8
23.f6 Rg8 24.f7 Rgf8 25.Rf6 Qe7 26.Rxc6 Qxf7 27.Qe3 Bb7 28.Rd6 Qe7 29.Rh6 Rad8
30.g5 Rf3 31.Qd4+ Qg7 32.g6 Qxd4+ 33.Rxd4 Rdf8 34.Rxh7+ Kg8 35.Nd1 R8f6 36.Rh6 Kg7
37.Rh7+ Kg8 38.Rh6 Kg7 39.Rh7+ Kg8 40.Rh6 Kg7  1/2-1/2

[Event "61st ch-RUS w 1st League"]
[Site "Ivanovo RUS"]
[Date "2011.02.25"]
[Round "5"]
[White "Petrukhina,I"]
[Black "Azimova,K"]
[Result "0-1"]
[WhiteElo "2190"]
[BlackElo "2028"]

1.d4 Nf6 2.c4 d6 3.Nf3 g6 4.Nc3 Bg7 5.e4 O-O 6.Be2 e5 7.Be3 Ng4 8.Bg5 f6
9.Bh4 Nc6 10.d5 Ne7 11.Nd2 f5 12.Bxg4 fxg4 13.Bg5 h6 14.Be3 b6 15.b4 g5 16.c5 Ng6
17.Nc4 Qd7 18.cxd6 cxd6 19.Qb3 Nf4 20.O-O h5 21.a4 h4 22.Rac1 Rf6 23.Bxf4 gxf4
24.Nb5 Ba6 25.Nca3 f3 26.g3 Qf7 27.Rc7 Qh5 28.Qc2 Raf8 29.Rxa7 hxg3 30.fxg3 f2+
31.Kh1 Qh3 32.Qe2 Rf3 33.Rc7 Re3 34.Qc4 Re1  0-1

[Event "61st ch-RUS w 1st League"]
[Site "Ivanovo RUS"]
[Date "2011.02.25"]
[Round "5"]
[White "Baraeva,I"]
[Black "Sazonova,A"]
[Result "1-0"]
[WhiteElo "2201"]
[BlackElo "1886"]

1.d4 Nf6 2.Nf3 g6 3.c4 Bg7 4.Nc3 O-O 5.e4 d6 6.Be2 e5 7.Be3 Ng4 8.Bg5 f6
9.Bh4 g5 10.Bg3 Nh6 11.O-O g4 12.Nh4 exd4 13.Qxd4 Nc6 14.Qd2 f5 15.exf5 Nxf5
16.Nxf5 Bxf5 17.Nd5 Nd4 18.Bd1 Be6 19.Ne3 h5 20.Nd5 c6 21.Nf4 Bxc4 22.Nxh5 Bxf1
23.Nxg7 c5 24.Nh5 Bc4 25.Qh6 Qe7 26.Bxg4 Rae8 27.h3 Qf7 28.Bh4 Qh7 29.Qxd6 Nf5
30.Qxc5 Nxh4 31.Qxc4+ Qf7 32.Nf6+ Kg7 33.Qxf7+ Kxf7 34.Nxe8 Kxe8 35.g3 Nf5
36.Bxf5 Rxf5 37.Re1+ Kf7 38.f4 Rb5 39.Re2 Ra5 40.a3 Rd5 41.Kf2 Rd3 42.h4  1-0

[Event "4th Karkonosze Open A"]
[Site "Karpacz POL"]
[Date "2011.02.26"]
[Round "8"]
[White "Zmarzly,A"]
[Black "Mickiewicz,P"]
[Result "0-1"]
[WhiteElo "2118"]
[BlackElo "2344"]

1.d4 Nf6 2.c4 d6 3.Nc3 Nbd7 4.e4 e5 5.Nf3 g6 6.Be2 Bg7 7.O-O O-O 8.h3 exd4
9.Nxd4 Re8 10.Bf3 c6 11.Be3 Nc5 12.Qc2 a5 13.Nb3 Nfd7 14.Rad1 Nxb3 15.axb3 Ne5
16.Be2 Qh4 17.Qc1 h6 18.Bf4 f5 19.Bg3 Qe7 20.exf5 Bxf5 21.Rfe1 Qc7 22.Qd2 Qb6
23.Qxd6 Qxb3 24.Bxe5 Bxe5 25.Qd2 g5 26.Bf1 a4 27.c5 Bg7 28.Ne2 Qxb2 29.Qd6 Bf8
30.Qg3 Qe5 31.Qxe5 Rxe5 32.Ng3 Rxe1 33.Rxe1 Bg6 34.Bc4+ Bf7 35.Bxf7+ Kxf7
36.Ne4 Re8  0-1

[Event "TCh-Paulista"]
[Site "Sao Paolo BRA"]
[Date "2011.02.26"]
[Round "1.5"]
[White "Vescovi,G"]
[Black "Perdomo,L"]
[Result "1-0"]
[WhiteElo "2631"]
[BlackElo "2389"]

1.d4 Nf6 2.c4 g6 3.Nc3 Bg7 4.e4 d6 5.Nf3 O-O 6.Be2 Nbd7 7.O-O e5 8.d5 Nc5
9.Qc2 a5 10.Bg5 h6 11.Be3 Ne8 12.Nd2 f5 13.f3 Bd7 14.b3 Nf6 15.a3 fxe4 16.fxe4 Ng4
17.Bxg4 Bxg4 18.b4 axb4 19.axb4 Rxf1+ 20.Rxf1 Na6 21.Qb3 Qe7 22.c5 Kh7 23.c6 bxc6
24.dxc6 Rf8 25.Rxf8 Qxf8 26.Qc4 Qc8 27.Nd5 Be6 28.b5 Nc5 29.Bxc5 dxc5 30.Nb3 Bf8
31.Nxc5 Bf7 32.Nd7 Bd6 33.Qf1 Kg8 34.Qf6 Qa8 35.h3 Qa5 36.Qxd6 cxd6 37.c7 Qe1+
38.Kh2 Qc1 39.c8=Q+  1-0

[Event "TCh-BEL 2010-11"]
[Site "Ans BEL"]
[Date "2011.02.27"]
[Round "9.1"]
[White "Feller,S"]
[Black "Bitalzadeh,A"]
[Result "1-0"]
[WhiteElo "2649"]
[BlackElo "2422"]

1.d4 Nf6 2.c4 g6 3.Nc3 Bg7 4.e4 d6 5.Nf3 O-O 6.Be2 e5 7.Be3 Ng4 8.Bg5 f6
9.Bh4 c6 10.O-O h5 11.h3 Nh6 12.Bg3 Nf7 13.Qc2 Bh6 14.Rad1 Nd7 15.Nh4 Kh7
16.f4 exd4 17.Rxd4 Nc5 18.Rdd1 Rg8 19.b4 Nd7 20.c5 a5 21.e5 axb4 22.Bxh5 Nh8
23.Ne4 d5 24.Nd6 Qa5 25.Nxc8 Raxc8 26.Bg4 Rcd8 27.Bxd7 Rxd7 28.e6 Rdd8 29.f5 Bf8
30.fxg6+ Nxg6 31.Bd6 Rxd6 32.cxd6 Bxd6 33.Qf5 Qc5+ 34.Kh1 Qe3 35.Qh5+ Qh6
36.Qxh6+ Kxh6 37.Nf5+  1-0

[Event "61st ch-RUS w 1st League"]
[Site "Ivanovo RUS"]
[Date "2011.02.27"]
[Round "7"]
[White "Mirzoeva,E"]
[Black "Sazonova,A"]
[Result "1-0"]
[WhiteElo "2216"]
[BlackElo "1886"]

1.d4 Nf6 2.Nf3 g6 3.c4 Bg7 4.Nc3 O-O 5.e4 d6 6.Be2 e5 7.Be3 Ng4 8.Bg5 f6
9.Bh4 g5 10.Bg3 Nh6 11.h3 Nd7 12.Qd2 exd4 13.Nxd4 Nc5 14.b4 Na6 15.a3 f5
16.exf5 Nxf5 17.Nxf5 Bxf5 18.O-O Kh8 19.Rad1 h6 20.Bf3 Qc8 21.Nd5 Re8 22.Rfe1 Be6
23.Bh5 Rd8 24.h4 Bxd5 25.Qxd5 Rf8 26.hxg5 hxg5 27.Qxg5 Qf5 28.Qxf5 Rxf5 29.Bf3 Rb8
30.Re7 Bb2 31.b5 Nc5 32.Rxc7 Bxa3 33.Rxd6 Bc1 34.Rd5 Rxd5 35.cxd5  1-0

[Event "61st ch-RUS w 1st League"]
[Site "Ivanovo RUS"]
[Date "2011.02.27"]
[Round "7"]
[White "Baraeva,M"]
[Black "Komiagina,M"]
[Result "1-0"]
[WhiteElo "2152"]
[BlackElo "2272"]

1.d4 Nf6 2.c4 g6 3.Nc3 Bg7 4.e4 d6 5.Be2 O-O 6.Nf3 e5 7.Be3 Ng4 8.Bg5 f6
9.Bh4 Nc6 10.dxe5 dxe5 11.h3 Nh6 12.Qxd8 Nxd8 13.Nd5 Ne6 14.Rd1 c6 15.Ne7+ Kh8
16.Nxc8 Raxc8 17.O-O Nf7 18.Rd7 Nc5 19.Re7 Nxe4 20.Rxb7 g5 21.Bg3 f5 22.Rd1 f4
23.Bh2 Nc5 24.Rxa7 e4 25.Nd4 Rb8 26.b3 Ne5 27.Ra5 Ned3 28.Bxd3 Bxd4 29.Bxe4 Nxe4
30.Rxd4 Rfe8 31.g4 Re7 32.Kg2 Rbe8 33.Bg1 h6 34.Ra6 Re6 35.Ra7 Nf6 36.Rd2 Ne4
37.Re2 Nc3 38.Rxe6 Rxe6 39.a4 Re1 40.f3 Re2+ 41.Kf1 Rd2 42.a5 Rd1+ 43.Kg2 Rd2+
44.Kh1 Ne2 45.Bf2 Nc3 46.Be1 Rd1 47.Re7 Kg8 48.a6 Kf8 49.Re5 Ra1 50.a7  1-0

[Event "27th Open"]
[Site "Cappelle la Grande FRA"]
[Date "2011.03.01"]
[Round "5.76"]
[White "Miedema,R"]
[Black "Hortensius,L"]
[Result "1/2-1/2"]
[WhiteElo "2387"]
[BlackElo "2122"]

1.Nf3 Nf6 2.c4 g6 3.Nc3 Bg7 4.e4 d6 5.d4 O-O 6.Be2 e5 7.d5 a5 8.O-O Na6 9.Qc2 Nc5
10.Bg5 h6 11.Be3 Nfd7 12.Nd2 b6 13.b3 f5 14.exf5 gxf5 15.f3 Rf7 16.Kh1 Nf8
17.g4 Ng6 18.Rg1 Nf4 19.Bxf4 exf4 20.gxf5 Bxf5 21.Nde4 Kh8 22.Rae1 Qh4 23.Bd3 Nxe4
24.Nxe4 Raf8 25.Re2 Bd4 26.Rge1 Qh3 27.Nd2 Bxd3 28.Qxd3 Be3 29.Rg2 Rg7 30.Ree2 Rfg8
31.Qc3 Kh7 32.Qc2+ Kh8 33.Qb2 Kh7 34.Qb1+ Kh8 35.Qa1 Bxd2 36.Rxg7 Rxg7 37.Re8+ Kh7
38.Qb1+ Rg6 39.Re7+ Kh8 40.Qxg6 Qf1+ 41.Qg1 Qxf3+ 42.Qg2 Qd1+ 43.Qg1 Qf3+  1/2-1/2